000 01100cam a22002654a 4500
001 14294262
003 OSt
005 20220301162638.0
008 060309s2007 njua b 001 0 eng
020 _a0132289148
040 _aDLC
_cDLC
_dDLC
050 0 0 _aHB171.5.C3123
100 1 _aCase, Karl E.
245 1 0 _aPrinciples of economics. /
_cKarl E. Case, Ray C. Fair.
250 _a8th ed.
260 _aNew Jersey:
_bPearson/Prentice Hall,
_cc2007.
300 _axlvi, 784p + various pagings
_bcol. ill. ;
_c29 cm.
500 _aIncludes index.
505 _aContents: Introduction to economics -- Foundations of microeconomics: Consumers and firms -- Market imperfections and the role of government -- Concepts and problems in macroeconomics -- The Goods and money markets -- Macroeconomic analysis -- The World economy.
650 0 _aEconomics.
700 1 _aFair, Ray C.
906 _a7
_bcbc
_corignew
_d1
_eocip
_f20
_gy-gencatlg
942 _2lcc
_cBK
999 _c239
_d7739